00529nam a2200193 a 4500001001300000003000900013005001700022008004100039020001000080082001700090100002300107245002300130260005400153300000800207500003500215505004600250650001600296700002300312nice12345678IN_TiNIC20260116011738.0050524s1979 hyda grp 000 0 urd  ac10000a891.41bAKH3 aAkhtar Ahmed, Syed aGuldasta-I-Akhlaaq aHyderabad bMarkazi Anjuman Taleemus Salat c1979 a59p aincludes index and biblioraphy2 aNotes and References, Bibliography, Index aUrdu-Poetry1 aAkhtar Ahmed, Syed